000 00579 a2200193 4500
001 61969
005 20260407155912.0
008 260407a1966 arg spa d
003 AR-UNSa-BCEJYS
040 _aAR-UNSa-BCEJYS
_bspa
_cAR-UNSa-BCEJYS
080 _a347.74
_xContratos mercantiles (comerciales...leasing))
245 1 0 _a500 modelos de contratos y documentos comerciales
264 1 _aBuenos Aires :
_bERGON
_c1966
300 _a2 v. (535 ; 458 p.)
_c26 cm.
041 _aspa
942 _cBK
590 _aniveau_biblio:m niveau_hierar:0
100 1 _aLeone, Fernando H.
999 _c7509
_d7509